000
00239nam a22001097a 4500
008
160510b xxu||||| |||| 00| 0 eng d
020
_a
047165552X
041
_a
eng
080
_a
54
245
_a
Chemistry:
_c
James Spencer;
942
_2
udc
_c
BK
999
_c
1968
_d
1968